• 首页
  • 本馆介绍
  • 公告通知
  • 最新文献
  • 馆藏检索
  • 电子资源
  • 读者导购
  • 参考咨询
  • 我的图书馆
  • 登录
  • 详细信息显示
  • 放入我的书架
  • 预约/预借图书
  • 作者相关作品
  • 分类相关作品
  • 丛书相关作品
  • 出版社相关作品

书目信息

  • 表格格式
  • 工作单格式
  • 卡片格式
题名:
Spring Cloud与Docker微服务架构实战
    
 
作者: 周立 著
分册:  
出版信息: 北京   电子工业出版社  2018
页数: xx, 302页
开本: 24cm
丛书名:
单 册:
中图分类: TP368.5
科图分类:
主题词: 互联网络--hu lian wang luo--网络服务器
电子资源:
ISBN: 978-7-121-34015-4
000 00877nam0 2200253 450
001 1864314026
005 20180802141838.46
010    @a978-7-121-34015-4@b@dCNY79.00
100    @a20180721d2018 em y0chiy50 ea
101 0  @achi
102    @aCN@b110000
105    @aa z 000yy
106    @ar
200 1  @aSpring Cloud与Docker微服务架构实战@ASpring Cloud yu Docker wei fu wu jia gou shi zhan@f周立著@g
205    @a第2版
210    @a北京@c电子工业出版社@d2018
215    @axx, 302页@c图@d24cm
330    @a本书可分为3部分,第1部分对微服务架构进行系统的介绍;第2部分使用Spring Cloud开发框架编写了一个“电影售票系统”;第3部分讲解如何将微服务应用运行在Docker之上。
606 0  @a互联网络@Ahu lian wang luo@x网络服务器
690    @aTP368.5@v5
701  0 @a周立@Azhou li@4著
801  0 @aCN@bMUSE@c20181206@g
905    @aBZT@dTP368.5@e2=2
906    @dCNY79.00@n3@r1
    
    Spring Cloud与Docker微服务架构实战/周立著.-第2版.-北京:电子工业出版社,2018
    xx, 302页:图;24cm
    
    
    ISBN 978-7-121-34015-4:CNY79.00
    本书可分为3部分,第1部分对微服务架构进行系统的介绍;第2部分使用Spring Cloud开发框架编写了一个“电影售票系统”;第3部分讲解如何将微服务应用运行在Docker之上。
●
相关链接 在五车中查询图书 在当当中查询图书 在豆瓣中查询图书


正题名:Spring Cloud与Docker微服务架构实战     索取号:TP368.5/2=2         预约/预借

序号 登录号 条形码 馆藏地/架位号 状态 备注
1 857796   2000857796   第二书库/ [索取号:TP368.5/2=2] 在馆    
2 857797   2000857797   第二书库/ [索取号:TP368.5/2=2] 在馆    
3 857798   2000857798   第二书库/ [索取号:TP368.5/2=2] 在馆    
山东省滨州职业学院图书馆 欢迎您!
大连网信软件有限公司© 版权所有